| 000 | 00533nam a2200169 a 4500 | ||
|---|---|---|---|
| 005 | 20140414132122.0 | ||
| 008 | 121010s19uu xx 00 eng d | ||
| 050 |
_aM 813.5 _bMc479 2001 |
||
| 100 | _aMckie, Anna | ||
| 245 | _aFifty bedtime stories. | ||
| 260 |
_aLittle Venice, London : _bGrandreams Limited, _c1999. |
||
| 300 | _a93 | ||
| 500 | _aThe Bathroom battle. The farmer's barn. A Prince comes to visit. Roger's bow and arrow. | ||
| 650 | _aStories-fiction. | ||
| 700 | _aKen Mckie (illustrated by) | ||
| 999 |
_c115092 _d115092 |
||